000 00843nam a2200265Ia 4500
001 Para_1675
003 CHAP
008 220125s1993 xx 000 0 und d
010 _a200293
040 _cCHAP
082 _aPA 633.84 C4
110 _aCentro agronómico Tropical de investigación y enseñanza
_9165165
245 _aGuía para el manejo integrado de plagas del cultivo de chile dulce /
_c por CATIE. Proyecto regional manejo integrado de plagas
260 _aTurialba, Costa Rica :
_b El centro
300 _a144 p.
440 _aSerie técnica. Informe técnico; 121
_9165166
650 _aChile (botánica)
_x plagas
_922380
901 _aPA 633.84 C4
902 _aA
905 _a0000001993 a 0000000000 00
910 _a1993
942 _cPARA
942 _cPARA
_d1
999 _c200293
_d200293